Kadının kalkınmaya katılımını güçlendirme ulusal programı projesi 1993-1998 = National progmamme the enhancement of women's integration in development project (Record no. 986)

MARC details
000 -BAŞLIK
Sabit Uzunlukta Kontrol Alanı 01020na a2200253 4500
001 - KONTROL NUMARASI
Denetim Alanı 13374
003 - KONTROL NUMARASI IDENTIFIER
Denetim Alanı MIRAKIL
005 - SON İŞLEM TARİHİ VE ZAMANI
Denetim Alanı 20181213154808.0
008 - SABİT-BOY VERİ ELEMANLARI - GENEL BİLGİLER
Sabit Uzunlukta Kontrol Alanı 161010b tu 000 0
035 ## - SİSTEM KONTROL NUMARASI
Sistem Kontrol Numarası 13374
040 ## - KATALOGLAMA KAYNAK
Orijinal Kataloglama Ajansı Milas
Kataloglama Dili tur
Metne Dönüştürmek Ajansı TR-AnCHP
041 ## - DİL KODU
Metin / Ses Parça Veya Ayrı Başlığın Dil Kodu tur
-- eng
082 ## - DEWEY ONLU SINIFLANDIRMA NUMARASI
Sınıflandırma Numarası 305.4
Ürün Numarası K22k 1998
090 ## - SINIFLAMA NUMARASI
Sınıflama Numarası 305.4 K22k 1998
110 ## - ANA GİRİŞ - KURUMSAL ADI
Giriş Elemanı Olarak Kurumsal Ad Veya Yargı Alanı Adı T.C. Başbakanlık Kadının Statüsü ve Sorunları Genel Müdürlüğü
245 ## - BAŞLIK TABLOSU
Başlık Kadının kalkınmaya katılımını güçlendirme ulusal programı projesi 1993-1998 = National progmamme the enhancement of women's integration in development project
Sorumluluk Tablosu, Vb Kadının Statüsü ve Sorunları Genel Müdürlüğü
260 ## - YAYIN, DAĞITIM, VB
Yayın, Dağıtım, Vb Yeri Ankara
Yayıncı, Dağıtıcı, Vs Adı Kadının Statüsü ve Sorunları Genel Müdürlüğü
Yayın, Dağıtım, Vb Tarihi 1998
300 ## - FİZİKSEL TANIM
Kapsam 32 s.
Diğer Fiziksel Ayrıntıları fotğ.
Boyutlar 21 sm.
500 ## - GENEL NOT
Genel Not Metinler Türkçe-İngilizce karşılıklıdır.
650 ## - KONU KATMA GİRİŞ - TOPİKAL DÖNEM
Topikal Süreli Veya Coğrafi Ad Giriş Elemanı Kadın sorunu
Genel Alt Bölümü İstihdam
Kronolojik Alt Bölümü Projeler
650 ## - KONU KATMA GİRİŞ - TOPİKAL DÖNEM
Topikal Süreli Veya Coğrafi Ad Giriş Elemanı Toplumsal kalkınma
Genel Alt Bölümü Kadınlar
651 ## - KONU KATMA GİRİŞ - COĞRAFİ ADI
Coğrafi İsim Birleşmiş Milletler Kalkınma Programı
942 ## - EKLENDİ GİRİŞ ELEMANLARI (KOHA)
Sınıflandırma Veya Raf Düzeni Kaynak
Koha Öğesi Türü Books
999 ## - SİSTEM KONTROL NUMARALARI (KOHA)
Koha Biblionumber 986
Koha Biblioitemnumber 986
Holdings
Kalıcı Konum Mevcut Konum Edinme Tarihi Edinim Kaynak Toplam Check-Out'Lar Tam Çağrı Numarası Barkod Tarih Son Görülme Kopya Sayısı İtibaren Geçerli Fiyatlar Koha Öğesi Türü
CHP Kütüphanesi CHP Kütüphanesi 08/22/2016 Bağış   305.4 K22k 1998 001137 08/22/2016 k.2 08/22/2016 Books
CHP Kütüphanesi CHP Kütüphanesi 08/13/2016 Bağış   305.4 K22k 1998 001156 08/13/2016   08/13/2016 Books